Peggle Characters Quiz - Statistics

General Stats
  • This quiz has been taken 35 times
  • The average score is 9 of 32
Answer Stats
Hint Character % Correct
Peggle 1 Bjorn Unicorn
97%
Peggle 1 Jimmy Lightning
69%
Peggle 1 Claude Lobster
55%
Peggle 1 Master Hu
48%
Peggle 1 Splork Sporkan
45%
Peggle 1 Lord Cinderbottom
41%
Peggle 1 Renfield Pumpkin
41%
Peggle 1 Space Blast
41%
Peggle 1 Tula Sunflower
41%
Peggle 1 Fireball
38%
Peggle 1 Flippers
38%
Peggle 1 Flower Power
38%
Peggle 1 Multiball
38%
Peggle 1 Spooky Ball
38%
Peggle 1 Super Guide
38%
Peggle 1 Warren Rabbit
38%
Peggle 1 Kat Tut
34%
Peggle 1 Pyramid
34%
Peggle 1 Marina
31%
Peggle 1 Zen Ball
31%
Peggle 1 Lucky Spin
21%
Peggle 2 Gnorman
10%
Peggle 2 Luna
10%
Peggle 2 Berg
7%
Peggle 2 Jeffrey
7%
Peggle 2 Bowlder
3%
Peggle 1 Electrovolt
3%
Peggle 2 Nightshade
3%
Peggle 2 Windy
3%
Peggle 2 Deep Freeze
0%
Peggle 2 Fairy Flock
0%
Peggle 2 Uber Volt
0%
No matching quizzes found
Score Distribution
Percent of People with Each Score
Percentile by Number Answered
Your Score History
You have not taken this quiz